| 000 | 00624nam a2200193Ia 4500 | ||
|---|---|---|---|
| 005 | 20250507130334.0 | ||
| 008 | 008 250505s9999 xx 000 0 eng d | ||
| 020 | _a0-521-84692-7 | ||
| 037 | _aAnnuals, Advances | ||
| 040 |
_aEASL _beng _cEASL |
||
| 041 |
_aeng _2eng |
||
| 084 |
_aW6.42, P6 _qEASL |
||
| 100 |
_aScheiner Ethan Au. _9665057 |
||
| 245 | 0 | _aDemocracy without competition in Japan :opposition Failure in a one party dominant state | |
| 260 |
_aUK _bCambridge Cambridge University Press _c2006 |
||
| 300 | _axviii,267p. | ||
| 942 |
_cTEXL _hW6.42, P6 |
||
| 999 |
_c1319101 _d1319101 |
||